000 00644nam a2200193 i 4500
001 42940
003 ES-MaACL
005 20251015063055.0
007 t|
008 030314s1963 sp ||||1| spa d
100 1 _aCellini, Benvenuto,
_d1500-1571
_937369
245 1 3 _aLa vida /
_cde Benvenuto Cellini ... escrita por el mismo ; [versión castellana de J. Farrán y Mayoral].
260 _aBarcelona :
_bPlaneta,
_c[1963]
300 _a492 p., 12 lám. ;
_c22 cm.
600 1 4 _aCellini, Benvenuto,
_d1500-1571
_937369
700 1 _aFarrán y Mayoral, J.
_948882
852 _aES-MaACL
_jC-24993
_bR.53897
999 _c42940
_d42940